000 01080cam a22002411i 4500
003 OSt
005 20260220142907.0
008 260213s1905 ua g 000 0 ara c
040 _aSA-MaUQU
_bara
_cSA-RiAUC
_erda
082 0 4 _a269
_qSA-RiAUC
090 _aم ن 269
_bع ب د ح
100 1 _aعبد الحميد قدس، عبد الحميد بن محمد علي قدس بن عبد القادر،
_d1280-1335 هجري
_eمؤلف.
245 1 2 _aالفتوحات القدسية في شرح التوسلات السمانية /
_cتأليف عبد الحميد بن العلامة محمد علي قدس.
264 1 _a[مكان النشر غير محدد] :
_b[الناشر غير محدد]،
_c1905
264 3 _aمصر :
_bالمطبعة الحميدية‏
300 _a95 صفحة ؛‏
_c29 سم
336 _aنص
_btxt
_2rdacontent
_3كتاب
337 _aبدون وسيط
_bn
_2rdamedia
338 _aمجلد
_bnc
_2rdacarrier
650 7 _aالسمانية (طرق صوفية)
_2aucsh
942 _2ddc
_cRBOOK COPY
_n0
949 _aSA-JeALM
_d260213
_umohamedma123
_n1
999 _c14420
_d14420